| Tag |
First Indicator |
Second Indicator |
Subfields |
| LEADER |
00000cam a2200000 4500 |
| 001 |
in00000232521 |
| 005 |
20151009073523.0 |
| 008 |
700526s1963 hu a 00000 eng d |
| 010 |
|
|
|a 76223231
|
| 035 |
|
|
|a (OCoLC)00074116
|
| 035 |
|
|
|9 AAZ0979AM
|
| 040 |
|
|
|a DLC
|c DLC
|d TXA
|d UtOrBLW
|
| 041 |
1 |
|
|a eng
|a hun
|
| 049 |
|
|
|a TXAM
|c [1018636]
|
| 050 |
0 |
0 |
|a GV1450.7
|b .B3513
|
| 100 |
1 |
|
|a Bán, Jenő.
|
| 245 |
1 |
4 |
|a The tactics of end-games /
|c [Translated from the Hungarian by Jeno Bochkor.
|
| 250 |
|
|
|a 2nd ed.
|
| 264 |
|
1 |
|a Budapest] :
|b Corvina Press,
|c [1963]
|
| 300 |
|
|
|a 213 pages :
|b illustrations
|
| 336 |
|
|
|a text
|b txt
|2 rdacontent
|
| 337 |
|
|
|a unmediated
|b n
|2 rdamedia
|
| 338 |
|
|
|a volume
|b nc
|2 rdacarrier
|
| 500 |
|
|
|a Translation of A vegjatekok taktikaja.
|
| 650 |
|
0 |
|a Chess
|x End games.
|
| 999 |
|
|
|a MARS
|
| 999 |
f |
f |
|s 1a142bc5-5ed1-3ffb-b2d1-ff507af77fc0
|i 9084f4cf-ba0e-393d-b016-263ffc0b1c4b
|t 0
|
| 952 |
f |
f |
|p normal
|a Texas A&M University
|b College Station
|c Sterling C. Evans Library
|d Evans: Library Stacks
|t 0
|e GV1450.7 .B3513
|h Library of Congress classification
|i unmediated -- volume
|m A14802490127
|
| 998 |
f |
f |
|a GV1450.7 .B3513
|t 0
|l Evans: Library Stacks
|